|
|
|
|
| LEADER |
00000naa2a2200000 4500 |
| 001 |
108812 |
| 005 |
20240207130007.0 |
| 035 |
|
|
|a (RuTPU)RU\TPU\book\117464
|
| 090 |
|
|
|a 108812
|
| 100 |
|
|
|a 20070126d2006 k y0rusy50 ca
|
| 101 |
0 |
|
|a rus
|
| 102 |
|
|
|a RU
|
| 200 |
1 |
|
|a Мехатронные решения в подшипниковых узлах
|f Д. А. Карпов, А. А. Ильченко, Е. И. Громаков
|
| 463 |
|
0 |
|0 (RuTPU)RU\TPU\book\108762
|t Молодежь и современные информационные технологии
|o сборник трудов IV Всероссийской научно-практической конференции студентов, аспирантов и молодых ученых, г. Томск, 28 февраля - 2 марта 2006 г.
|f Томский политехнический университет; Молодежь и современные информационные технологии
|v С. 249-251
|d 2006
|p 418 с.
|
| 610 |
1 |
|
|a подшипники
|
| 610 |
1 |
|
|a мехатроника
|
| 610 |
1 |
|
|a микропроцессорное управление
|
| 610 |
1 |
|
|a компьютерное управление
|
| 610 |
1 |
|
|a электроприводы
|
| 610 |
1 |
|
|a трубопроводы
|
| 610 |
1 |
|
|a труды учёных ТПУ
|
| 700 |
|
1 |
|a Карпов
|b Д. А.
|
| 701 |
|
1 |
|a Ильченко
|b А. А.
|
| 701 |
|
1 |
|a Громаков
|b Е. И.
|c специалист в области автоматизированных систем управления
|c доцент Томского политехнического университета, кандидат технических наук
|f 1943-
|g Евгений Иванович
|3 (RuTPU)RU\TPU\pers\25727
|9 11629
|
| 801 |
|
1 |
|a RU
|b 63413507
|c 20070126
|g PSBO
|
| 801 |
|
2 |
|a RU
|b 63413507
|c 20131217
|g RCR
|
| 942 |
|
|
|c BK
|